A faithful guide to peace with God / (Record no. 3828)

MARC details
000 -LEADER
fixed length control field 00595nam a22001937a 4500
003 - CONTROL NUMBER IDENTIFIER
control field GBCCL
005 - DATE AND TIME OF LATEST TRANSACTION
control field 20241126110505.0
008 - FIXED-LENGTH DATA ELEMENTS--GENERAL INFORMATION
fixed length control field 171214b xxu||||| |||| 00| 0 eng d
040 ## - CATALOGING SOURCE
Transcribing agency gbc
082 ## - DEWEY DECIMAL CLASSIFICATION NUMBER
Classification number 242
Item number ROS
100 ## - MAIN ENTRY--PERSONAL NAME
Personal name Rosenius, C.O.
9 (RLIN) 7544
245 12 - TITLE STATEMENT
Title A faithful guide to peace with God /
Statement of responsibility, etc. C.O. Rosenius
260 ## - PUBLICATION, DISTRIBUTION, ETC.
Place of publication, distribution, etc. Minneapolis:
Name of publisher, distributor, etc. Augsburg publishing house,
Date of publication, distribution, etc. 1952
300 ## - PHYSICAL DESCRIPTION
Extent 391 p.;
Dimensions 22 cm.
500 ## - GENERAL NOTE
General note II Rygh, George Alfred Taylor, 1860-
650 ## - SUBJECT ADDED ENTRY--TOPICAL TERM
Topical term or geographic name entry element Meditations
9 (RLIN) 1412
700 1# - ADDED ENTRY--PERSONAL NAME
Personal name Laache, Nils Jakob Jensen,
Titles and other words associated with a name bp.,
Dates associated with a name 1831-1892. [from old catalog]
9 (RLIN) 7485
942 ## - ADDED ENTRY ELEMENTS (KOHA)
Source of classification or shelving scheme Dewey Decimal Classification
Koha item type Books
Holdings
Withdrawn status Lost status Source of classification or shelving scheme Damaged status Not for loan Home library Current Library Shelving location Date acquired Total checkouts Full call number Barcode Date last seen Copy number Price effective from Koha item type
    Dewey Decimal Classification     GRACE BIBLE COLLEGE GRACE BIBLE COLLEGE Ministry & Mission 2017-12-14   242 ROS 002940 2025-05-01 c.1 2017-12-14 Books
© Grace Bible College Library 2025